Perspektívy rozširovania Európskej únie bakalárska práca

Na minha lista:
Detalhes bibliográficos
Autor principal: Karpinská, Adriana
Autor Corporativo: Fakulta medzinárodných vzťahov EU. Katedra medzinárodných ekonomických vzťahov a hospodárskej diplomacie
Outros Autores: Rusiňák, Peter
Formato: Livro
Idioma:eslovaco
Publicado em: Bratislava 2010
Tags: Adicionar Tag
Sem tags, seja o primeiro a adicionar uma tag!

MARC

LEADER 00000nam$a2200000$$$4500
001 0136910
005 20240320074354.2
041 0 |a slo 
044 |a SK 
245 1 0 |a Perspektívy rozširovania Európskej únie  |b bakalárska práca  |c Adriana Karpinská ; školiteľ: Peter Rusiňák 
264 1 |a Bratislava  |c 2010 
300 |a 55 s. 
100 1 |a Karpinská, Adriana 
700 1 |a Rusiňák, Peter 
710 2 |a Fakulta medzinárodných vzťahov EU. Katedra medzinárodných ekonomických vzťahov a hospodárskej diplomacie